| 000 | 04797nam a22004337a 4500 | ||
|---|---|---|---|
| 005 | 20101206113148.0 | ||
| 010 | _aB-450123-138 | ||
| 020 |
_c300.00 _a9788189982546 |
||
| 035 | _aB-450123-138 | ||
| 037 | _bबल्यूबेरी | ||
| 082 | _aउ | ||
| 100 |
_aभैरप्पा, एस.एल. _941357 |
||
| 245 |
_aगोधूलि / _cएस.एल.भैरप्पा;बी.आर.नारायण द्वारा अनुदित |
||
| 246 |
_a _bby Bhyrappa |
||
| 260 |
_aदिल्ली _bआर्य प्रकाशन मंडल _c2011 |
||
| 270 |
_bदिल्ली _aix/221, सरस्वती भंडार, गांधीनगर _e110031 |
||
| 300 |
_a311पृ. _c18सेमी (सजिल्द) |
||
| 650 |
_aहिन्दी कथा साहित्य _9657 |
||
| 700 |
_924599 _aनारायण, बी.आर. |
||
| 700 | _924924 | ||
| 942 |
_2ddc _cHN _mभैरप्पा _hउ |
||
| 999 |
_c58076 _d58076 |
||